000 02916nam a2200625 4500
001 000000288
005 20200929145323.0
008 081124s dr ac 000 0 spa d
020 _a8440209959
020 _a9788440209955
040 _aDO-SdBNP
_bspa
_cBNPHU
082 _a780.9
_bH673g
245 0 0 _aHistoria de los grandes compositores clasicos /
_cdirección, Isabel Cortázar ; dirección editorial, Angela Cortázar.
260 _aEspaña :
_bOlimpo,
_c[s.f.].
300 _a8 v. :
_bil., retrs. ;
_c28 cm.
505 0 _gContiene:
_gv.1 .
_tBach - Vivaldi - Haendel.--
_gv.2 .
_tHaydn - Mozart - Rossini. --
_gv.3.
_tBeethoven - Schubert. --
_gv.4.
_tChopin - Mendelssohn - Schumann. --
_gv.5.
_tBerlioz - Liszt - Brahms - Dvorak --
_gv.6.
_tTchaikovsky - Mahler - Bruckner - Verdi --
_gv.7.
_tDebussy - Ravel - Franck - Saint-Saens - Sibelius - Albéniz - Granados - Falla. --
_gv.8.
_tBartok - Prokofiev - Schoenberg - Shostakovich - Strauss - Stravinsky - Gershwin.
650 4 _aCompositores
_xBiografías
_9946
650 4 _aMúsica
_xHistoria y crítica
_9947
600 1 4 _aBach, Johann Sebastian,
_d1685-1750
_9948
600 1 4 _aVivaldi, Antonio,
_d1678-1741
_9949
600 1 4 _aHandel, George Frideric,
_d1685-1759
_9950
600 1 4 _aHaydn, Joseph,
_d1732-1809
_9951
600 1 4 _aRossini, Gioacchino,
_d1792-1868
_9952
600 1 4 _aMozart, Wolfgang Amadeus,
_d1756-1791
_9953
600 1 4 _aBeethoven, Ludwig van,
_d1770-1827
_9954
600 1 4 _aSchubert, Franz,
_d1797-1828
_9955
600 1 4 _aChopin, Frederic,
_d1810 -1849
_9956
600 1 4 _aWendelssohn-Bartholdy, Felix (Jakob Ludwig),
_d1809-1847
_9957
600 1 4 _aSchumann, Robert,
_d1810-1856
_9958
600 1 4 _aBerlioz, Hector,
_d1803-1869
_9959
600 1 4 _aLiszt, Franz,
_d1811-1886
_9960
600 1 4 _aBrahms, Johannes,
_d1833-1897
_9961
600 1 4 _aDvorak, Antonin,
_d1841-1904
_9962
600 1 4 _aTchaikovsky, Peter Ilich, 1840-1893
_9963
600 1 4 _aMahler, Gustav, 1860-1911
_9964
600 1 4 _aBruckner, Anton, 1824-1896
_9965
600 1 4 _aVerdi, Giuseppe, 1813-1901.
_9966
600 1 4 _aDebussy, Claude, 1862-1918
_9967
600 1 4 _aRavel, Maurice, 1875-1937
_9968
600 1 4 _aSaint-Saens, Camille, 1835-1921
_9969
600 1 4 _aAlbéniz, Isaac, 1860-1909
_9970
600 1 4 _aSibelius, Jean, 1865-1957
_9971
600 1 4 _aFalla, Manuel de, 1876-1946
_9972
600 1 4 _aBartok, Bela, 1881-1945.
_9973
600 1 4 _aProkofiev, Sergey, 1891-1953
_9974
600 1 4 _aSchoenberg, Arnold, 1874-1951
_9975
600 1 4 _aShostakovich, Dmitriæi Dmitrievich, 1906-1975
_9976
600 1 4 _aGranados, Enrique, 1867-1916
_9977
600 1 4 _aStrauss, Richard, 1864-1949
_9978
600 1 4 _aStravinsky, Igor, 1882-1971
_9979
600 1 4 _aGershwin, George, 1898-1937
_9980
700 1 _aCortázar, Isabel,
_edirección
_9981
700 1 _aCortázar, Angela,
_edirección editorial
_9982
910 _aValidado. Control de calidad BNPHU
999 _c288
_d288